Normal view
MARC view
Entry Personal Name
001 - CONTROL NUMBER
- control field: 264602
003 - CONTROL NUMBER IDENTIFIER
- control field: OSt
005 - DATE AND TIME OF LATEST TRANSACTION
- control field: 20260526122928.0
008 - FIXED-LENGTH DATA ELEMENTS
- fixed length control field: 260526|| aca||aabn | a|a d
040 ## - CATALOGING SOURCE
- Original cataloging agency: OSt
- Transcribing agency: OSt
100 ## - HEADING--PERSONAL NAME
- Personal name: Adyanadka Krashnabhat
- Dates associated with a name: ಅಡ್ಯನಡ್ಕ ಕೃಷ್ಣಭಟ್ Tr
670 ## - SOURCE DATA FOUND
- Source citation: Work cat.: (OSt)99248: KESVANI (G H ). ಕೇಶ್ವಾನಿ (ಜಿ ಎಚ್) 264599, Raman mattu avara parinama., 1994